Statistics for Greater Manchester Trivia

Click here to take the quiz!

General Stats

  • This quiz has been taken 15 times
  • The average score is 7 of 13

Answer Stats

HintAnswer% Correct
number of terminals at manchester airport3
86%
symbol of manchesterbee
71%
number of councils in greater manchester10
64%
Manchester is home to the world’s longest running TV soap opera – Coronation
Street. What year did it first air?
1960
64%
HMP Manchester is better known by what name?strangeways
57%
Including the newly complete Trafford Park Line, how many Metrolink stops are there
currently?
99
50%
Which local borough is well-known for its black pudding?bury
50%
Which drink that is a mix of fruits, herbs and spices was created in 1908 in Manchester?vimto
50%
By what name was Manchester Airport originally known?ringway
43%
In which local borough was the famous Co-Operative movement founded in 1844?rochdale
43%
The Trafford Centre opened in which year?1998
36%
Which national newspaper was founded in Manchester in 1821?The Guardian
36%
Which street in north manchester was the first official marks and spencers opend on?Cheetham Hill Road
14%

Score Distribution

Percentile by Number Answered

Percent of People with Each Score

Your Score History

You have not taken this quiz